| 000 | 00534nam a2200145 a 4500 | ||
|---|---|---|---|
| 008 | 120416s1967 ||||||||||||||||| || u | ||
| 050 | _aLA 132 Vai | ||
| 100 | _aVaizey, John Ernest | ||
| 245 | 1 | 0 | _aEducation in the modern world |
| 260 |
_aLondon _bWeidenfeld and Nicolson _c1967 |
||
| 300 | _a254p. ; ill. | ||
| 350 | _a0.00 | ||
| 650 | 0 | _aEDUCATIONAL TESTS AND MEASUREMENTS | |
| 995 |
_D0.00 _FCBU-MAIN LIBRARY (Kitwe) _H1 _I6.95 _M1 _UAVAILABLE _ZMain Library Open Access Collection |
||
| 999 |
_c41152 _d41152 |
||